| 000 | 00670nam a2200217 4500 | ||
|---|---|---|---|
| 003 | OSt | ||
| 005 | 20240610022246.0 | ||
| 006 | a | ||
| 008 | 240610b |||||||| |||| 00| 0 eng d | ||
| 020 | _a9710412372 | ||
| 040 |
_aDWCL-Main lib. _cOC |
||
| 082 | _aFil. 808.042 A168 2012 | ||
| 100 | _aMenoy, Jesus Z. | ||
| 245 | _aAcademic reading and writing in college / | ||
| 260 |
_aMandaluyong City, Phils. : _bBooks Atbp., _cc2012. |
||
| 300 |
_ax, _b339 p. ; _c21 cm. |
||
| 650 | _a1. English language–Rhetoric–Problems, exercises, etc. | ||
| 650 | _a2. Academic writing–Problems, exercises, etc. | ||
| 700 | _aJesus Z. Menoy | ||
| 942 |
_2ddc _n0 _cBK - FIL _kFil. |
||
| 999 |
_c431 _d431 |
||